000 00469nam a2200169Ia 4500
003 IN-BaIIA
008 211028s9999 xx 000 0 eng d
040 _cIIA Library
080 _a521.1
_bPOI
100 _aPoincare, H.
_91507
245 0 _aLecons de mecanique celeste
_bvol. III
_cH. Poincare
260 _aParis
_bGauthier Villars
_c1910
300 _a469p.
490 _aCours de la faculte des sciences de Paris
650 _aCelestial mechanics
942 _cBK
999 _c708
_d708